000 00293nam a22001337a 4500
008 180922b xxu||||| |||| 00| 0 eng d
020 _a9780970776204
041 _aeng
080 _a574
100 _a9
101 _aMJE
245 _aThe Nature of Nurture
_cChasnoff, I.J
942 _2udc
_cBK
999 _c48271
_d48271